[Event "HUN-ch U14"]
[Site "Balatonlelle"]
[Date "2009.07.02"]
[Round "6"]
[White "Grimm, Daniel"]
[Black "Kornyei, David"]
[Result "1-0"]
[WhiteElo "1500"]
[BlackElo "1619"]
[PlyCount "111"]
[EventDate "2009.06.27"]
[EventType "swiss"]
[EventRounds "9"]
[EventCountry "HUN"]
[SourceTitle "EXT 2011"]
[Source "ChessBase"]
[SourceDate "2010.11.26"]
[SourceVersion "1"]
[SourceVersionDate "2010.11.26"]
[SourceQuality "1"]

1. e4 e5 2. Nf3 Nc6 3. Bb5 Nf6 4. Nc3 Bc5 5. d3 a6 6. Bxc6 dxc6 7. h3 h6 8. Bd2 Qd6 9. Qe2 0-0 10. 0-0 Be6 11. a3 Nd7 12. Be3 Bxe3 13. Qxe3 c5 14. Ne2 f5 15. exf5 Bxf5 16. Ng3 Rae8 17. Nd2 Qd4 18. Qxd4 cxd4 19. Nde4 Bxe4 20. Nxe4 b6 21. Rfe1 Nf6 22. Re2 Nxe4 23. Rxe4 Rf4 24. Rae1 Rxe4 25. Rxe4 Kf7 26. f4 Ke6 27. Rxe5+ Kd7 28. Rd5+ Kc6 29. Rxd4 Re1+ 30. Kf2 Rb1 31. b3 Rb2 32. Rc4+ Kd6 33. a4 b5 34. axb5 axb5 35. Rc3 c5 36. Ke3 Kd5 37. b4 Rxb4 38. Rb3 Rxb3 39. cxb3 g6 40. g4 g5 41. f5 Ke5 42. d4+ cxd4+ 43. Kd3 b4 44. f6 Kxf6 45. Kxd4 Ke6 46. Kc5 Ke5 47. Kxb4 Kf4 48. Ka5 Kg3 49. b4 Kxh3 50. b5 Kxg4 51. b6 h5 52. b7 h4 53. b8Q h3 54. Qh2 Kh4 55. Kb5 g4 56. Qf4 1-0

[Event "HUN-ch U14"]
[Site "Balatonlelle"]
[Date "2009.07.01"]
[Round "5"]
[White "Haszon, Abel"]
[Black "Kornyei, David"]
[Result "0-1"]
[WhiteElo "1731"]
[BlackElo "1619"]
[PlyCount "98"]
[EventDate "2009.06.27"]
[EventType "swiss"]
[EventRounds "9"]
[EventCountry "HUN"]
[SourceTitle "EXT 2011"]
[Source "ChessBase"]
[SourceDate "2010.11.26"]
[SourceVersion "1"]
[SourceVersionDate "2010.11.26"]
[SourceQuality "1"]

1. e4 e5 2. Nf3 Nc6 3. Bb5 Nf6 4. 0-0 Bc5 5. c3 a6 6. Bxc6 dxc6 7. Nxe5 Nxe4 8. d4 Be7 9. Re1 Nf6 10. Qe2 Be6 11. Nd2 0-0 12. Ndf3 Nd5 13. Be3 f6 14. Nd3 Bg4 15. Rad1 Bd6 16. h3 Bh5 17. Nc5 Qc8 18. Ne4 Re8 19. Ned2 Bf4 20. Qf1 Nxe3 21. fxe3 Bxe3+ 22. Kh1 Bxd2 23. Rxe8+ Qxe8 24. Rxd2 Bxf3 25. gxf3 Qf7 26. a3 Re8 27. Re2 Qd7 28. Rxe8+ Qxe8 29. Qc4+ Qf7 30. Qb4 b5 31. Qc5 Qe8 32. Qb4 Qe1+ 33. Kg2 Qe2+ 34. Kg3 Qe1+ 35. Kg2 Qe2+ 36. Kg3 Qe1+ 37. Kg4 Qe6+ 38. Kf4 Qd6+ 39. Qxd6 cxd6 40. b3 Kf7 41. c4 Ke6 42. Ke4 d5+ 43. Kd3 Kf5 44. Kc3 a5 45. Kd3 Kf4 46. Ke2 Kg3 47. Ke3 g5 48. cxd5 cxd5 49. b4 a4 0-1